| 000 | 00464cam a2200205 4500 | ||
|---|---|---|---|
| 001 | D13432 | ||
| 008 | 090401t1904 xxu||||| |||| 00| 0 eng d | ||
| 035 | _a(Sirsi) u9745 | ||
| 041 | _aeng | ||
| 100 | _aMiddleton, R.E. | ||
| 245 | 2 | _aA treatise on surveying.Part I | |
| 250 | _a2nd | ||
| 260 |
_bE & F N Spon Ltd _c1904 |
||
| 350 | _a0 | ||
| 520 | _aShelf 132 | ||
| 700 | _aChadwick, O. | ||
| 700 | _aBogle, J.du T. | ||
| 942 | _n0 | ||
| 948 | _c04/03/1997 | ||
| 999 |
_c86659 _d86659 |
||